00690ntm a2200169 i 4500001000700000003000900007005001700016008004100033080001100074245009100085260001500176300002200191500004600213650002600259651003500285852020000320189634ES-MaACL20250628063408.0190708q1640 sp |||| | spa d a502.6401a[Descripción de minerales y yacimientos de la provincia de Alicante?]h[Manuscrito]. c[ca. 1640] a1 hoja ; c21 cm. aLegado de Federico de Botella y de Hornos 7aYacimientos minerales 4aRecursos minerales-zAlicante. aES-MaACLcSPBhLegado de Federico de Botella y de HornosjB-8924(24) xEncuadernado en un vol. facticio agrupado con el nombre en el lomo: España, geología, memorias y documentos varios 1 a 8